|
|
|
|
| LEADER |
00000nab a2200000 a 4500 |
| 001 |
vtls010084556 |
| 003 |
SK-MaSNL |
| 005 |
20260426104526.0 |
| 008 |
250708c2009 xo |||||| ab ||00 b|slo |
| 015 |
|
|
|a SNBRB2010/04
|2 snkbucl
|
| 035 |
|
|
|a (uuid)919f19a1-673e-44c3-9915-2f2f1fb9c6d8
|
| 035 |
|
|
|a urn:nbn:sk:snk-ab23qd
|
| 035 |
|
|
|a (urnnbn)urn:nbn:sk:snk:ar-a01ifj
|
| 038 |
|
|
|a SNKBUCL
|
| 040 |
|
|
|a SNKBUCL
|b slo
|c SNKBUCL
|e AACR2
|
| 041 |
0 |
|
|a slo
|b eng
|
| 044 |
|
|
|a xo
|c SK
|
| 080 |
|
|
|a 911.52:556
|x (437.6)
|2 2001
|
| 080 |
|
|
|a 556.53
|x (437.6)
|2 2001
|
| 080 |
|
|
|a 502.51(282)
|x (437.6)
|2 2001
|
| 080 |
|
|
|a 159.937.52:91
|2 2001
|
| 080 |
|
|
|a 911.2:556
|x (437.6)
|2 2001
|
| 100 |
1 |
|
|a Tomčíková, Ivana,
|d 1971-
|4 aut
|9 252743
|
| 245 |
1 |
0 |
|a Percepcia riečnej krajiny (príklad vodného toku Smrečianka)
|c Ivana Tomčíková, Milan Lehotský
|
| 300 |
|
|
|b Grafy, fotogr., sch., tab.
|
| 504 |
|
|
|a Bibliogr. odkazy
|
| 546 |
|
|
|a Res. angl.
|
| 650 |
0 |
7 |
|a vodné toky
|2 SNKPH
|9 3750
|
| 650 |
0 |
7 |
|a riečna krajina
|2 snkbucl
|9 1484323
|
| 650 |
0 |
7 |
|a geografické vnímanie
|2 snkbucl
|9 132675
|
| 651 |
|
7 |
|a Smrečianka (Slovensko : rieka)
|2 snkbucl
|9 132676
|
| 651 |
|
7 |
|a Liptovský Mikuláš (Slovensko : okres)
|2 snkbucl
|9 31431
|
| 655 |
|
7 |
|a štúdie
|2 SNKPH
|9 57033
|
| 700 |
1 |
|
|a Lehotský, Milan,
|d 1950-
|4 aut
|9 100142
|
| 773 |
0 |
|
|t Geografický časopis
|g Roč. 61, č. 4 (2009), s. 269-289
|x 0016-7193
|
| 850 |
|
|
|a Slovenská národná knižnica
|
| 852 |
|
|
|a Slovenská národná knižnica
|
| 954 |
|
|
|a odborná, vedecká literatúra pôvodná (slovenská)
|2 lita
|
| 958 |
|
|
|a article27
|
| 958 |
|
|
|a NB
|
| 958 |
|
|
|a SK
|
| 958 |
|
|
|a OND
|
| 958 |
|
|
|a EUIPO
|
| 999 |
|
|
|c 3320445
|d 3322375
|